| 000 | 00300 a2200121 4500 | ||
|---|---|---|---|
| 001 | 59691 | ||
| 082 | _a621.3815 BOG | ||
| 090 |
_c36566 _d36566 |
||
| 100 | _aBogart, Theodore | ||
| 245 | _aElectronic devices and circuits (with CD), 6/e | ||
| 250 | _a6 | ||
| 260 |
_aUSA _bPearson Education _c2004 |
||
| 942 |
_aNUST-CAE _k621.3815 BOG |
||
| 999 |
_c294764 _d294764 |
||